Categories of commutative algebras / (Record no. 8372)

MARC details
000 -LEADER
fixed length control field 00533nam a22001937a 4500
003 - CONTROL NUMBER IDENTIFIER
control field OSt
005 - DATE AND TIME OF LATEST TRANSACTION
control field 20240611114459.0
008 - FIXED-LENGTH DATA ELEMENTS--GENERAL INFORMATION
fixed length control field 240611b |||||||| |||| 00| 0 eng d
022 ## - INTERNATIONAL STANDARD SERIAL NUMBER
Source 0198535864
040 ## - CATALOGING SOURCE
Transcribing agency MUST
082 ## - DEWEY DECIMAL CLASSIFICATION NUMBER
Classification number 512
Item number DIE 1992
100 ## - MAIN ENTRY--PERSONAL NAME
Personal name Diers, Yves
9 (RLIN) 17028
245 ## - TITLE STATEMENT
Title Categories of commutative algebras /
Statement of responsibility, etc. Yves Diers
260 ## - PUBLICATION, DISTRIBUTION, ETC. (IMPRINT)
Place of publication, distribution, etc. Oxford
Name of publisher, distributor, etc. Clarendon Press
Date of publication, distribution, etc. 1992
300 ## - PHYSICAL DESCRIPTION
Extent ix, 271p.;
Other physical details ill :
Dimensions 23 cm.
504 ## - BIBLIOGRAPHY, ETC. NOTE
Bibliography, etc Includes bibliographical references and index
650 ## - SUBJECT ADDED ENTRY--TOPICAL TERM
Source of heading or term Algebra
942 ## - ADDED ENTRY ELEMENTS (KOHA)
Source of classification or shelving scheme Dewey Decimal Classification
Koha item type Open Shelf
Holdings
Withdrawn status Lost status Source of classification or shelving scheme Damaged status Not for loan Home library Current library Date acquired Source of acquisition Inventory number Total Checkouts Full call number Barcode Date last seen Price effective from Koha item type
    Dewey Decimal Classification     MUST Main Library MUST Main Library 11/06/2024 Donation 10098   512 DIE 1992 2024-20260 11/06/2024 11/06/2024 Open Shelf
    Dewey Decimal Classification     MUST Main Library MUST Main Library 14/06/2024 Donation 97/11299   512 DIE 1992 2024-20526 14/06/2024 14/06/2024 Open Shelf